[Event "Poznan"]
[Site "Poznan"]
[Date "1985.??.??"]
[Round "4"]
[White "Panczyk, Krzysztof"]
[Black "Lanc, Alois"]
[Result "1-0"]
[WhiteElo "2410"]
[BlackElo "2385"]

1.d4 d6 2.c4 e5 3.Nf3 Nd7 4.Nc3 g6 5.e4 Bg7 6.Be2 Ngf6 7.O-O O-O 8.Re1 h6
9.dxe5 dxe5 10.Qc2 c6 11.Rb1 Re8 12.b4 Nf8 13.h3 Nh5 14.c5 Ne6 15.Na4 Nhf4
16.Bf1 Qf6 17.Rb3 g5 18.a3 Nc7 19.Nb2 h5 20.Rbe3 g4 21.hxg4 hxg4 22.Nh2 Qg6
23.Nc4 Nb5 24.a4 Nd4 25.Qd1 Be6 26.Nd6 Red8 27.Bb2 Nh5 28.g3 b6 29.Bxd4 exd4
30.Rd3 bxc5 31.bxc5 Be5 32.Nf5 Bxf5 33.exf5 Qxf5 34.Nxg4 Bg7 35.Re5 Qg6 36.Rxh5 Re8
37.Rh4 Rab8 38.Nh2 Rb4 39.Nf3 Reb8 40.Nxd4  1-0

[Event "Poznan"]
[Site "Poznan"]
[Date "1985.??.??"]
[Round "10"]
[White "Neverov, Valeriy"]
[Black "Enders, Peter"]
[Result "1-0"]
[WhiteElo "2480"]
[BlackElo "2365"]

1.d4 Nf6 2.Nf3 g6 3.c4 Bg7 4.Nc3 O-O 5.e4 d6 6.Be2 Nbd7 7.O-O e5 8.Qc2 Re8
9.d5 Nh5 10.g3 a5 11.Bg5 Ndf6 12.Nh4 h6 13.Bd2 Bh3 14.Rfe1 Kh7 15.f3 Ng8
16.Bf1 Bd7 17.Be3 Qf6 18.Nb5 Rec8 19.Rad1 b6 20.b3 Ne7 21.a3 g5 22.Ng2 Ng6
23.b4 Bh3 24.Qf2 Qe7 25.c5 bxc5 26.bxc5 Bf6 27.Rc1 g4 28.fxg4 Bxg4 29.Be2 Bxe2
30.Qxe2 Ng7 31.cxd6 cxd6 32.a4 h5 33.h4 Qd7 34.Bf2 Be7 35.Ne3 Kg8 36.Kh2 Nf8
37.Nc4 Qd8 38.Bb6 Qd7 39.Bf2 Qd8 40.Bb6 Qd7 41.Nxa5 Nh7 42.Rc6 f5 43.Rec1 f4
44.Rxc8+ Rxc8 45.Rxc8+ Qxc8 46.Nc6 fxg3+ 47.Kxg3 Bf6 48.Qf3 Qa6 49.Bf2 Ne6
50.dxe6 Qxc6 51.Qxh5 Kh8 52.Qf3 Qc4 53.Nxd6 Qxe6 54.Nf5 Qg8+ 55.Kh3 Qa8 56.Qb3  1-0

[Event "Poznan"]
[Site "Poznan"]
[Date "1985.??.??"]
[Round "10"]
[White "Panczyk, Krzysztof"]
[Black "Paehtz, Thomas Sr"]
[Result "1/2-1/2"]
[WhiteElo "2410"]
[BlackElo "2380"]

1.d4 Nf6 2.Nf3 g6 3.c4 Bg7 4.Nc3 O-O 5.e4 d6 6.Be2 Nbd7 7.O-O e5 8.Re1 h6
9.Bf1 Nh7 10.dxe5 dxe5 11.Be3 f5 12.Qd5+ Kh8 13.Rad1 f4 14.Bc5 Rg8 15.Ba3 c6
16.Qe6 g5 17.Bd6 Qe8 18.Qxe8 Rxe8 19.c5 Nhf8 20.Nd2 Ne6 21.Be2 Nexc5 22.b4 Na6
23.Bxa6 bxa6 24.Nc4 Nb6 25.Na5 Be6 26.Bc5 Rac8 27.Rd2  1/2-1/2

[Event "Bohemians"]
[Site "Prague"]
[Date "1985.??.??"]
[Round "?"]
[White "Pekarek, Ales"]
[Black "Zaichik, Gennadi"]
[Result "1/2-1/2"]
[WhiteElo "2360"]
[BlackElo "2475"]

1.Nf3 d6 2.d4 g6 3.c4 Bg7 4.Nc3 e5 5.e4 Nd7 6.Be2 Ngf6 7.O-O O-O 8.Be3 c6
9.d5 c5 10.Ne1 Ne8 11.Nd3 f5  1/2-1/2

[Event "Prague zt"]
[Site "Prague"]
[Date "1985.??.??"]
[Round "2"]
[White "Stempin, Pawel"]
[Black "Georgiev, Krum"]
[Result "1/2-1/2"]
[WhiteElo "2390"]
[BlackElo "2445"]

1.d4 Nf6 2.c4 g6 3.Nc3 Bg7 4.e4 O-O 5.Nf3 d6 6.Be2 e5 7.Bg5 h6 8.Bh4 Qe8
9.d5 Nh5 10.O-O Nf4 11.Nd2 a5 12.f3 Na6 13.Rb1 Bd7 14.b3 f5 15.a3 Nc5 16.Kh1 Bf6
17.Bf2 h5 18.Qc2 h4 19.Be3 Bg5 20.Bxf4 Bxf4 21.b4 axb4 22.axb4 Na4 23.Bd3 Qe7
24.Ne2 Be3 25.Nb3 b6 26.h3 Qg5 27.Ra1  1/2-1/2

[Event "Rome-B"]
[Site "Rome"]
[Date "1985.??.??"]
[Round "5"]
[White "Bukal, Vladimir Sr"]
[Black "D'Amore, Carlo"]
[Result "1-0"]
[WhiteElo "2440"]
[BlackElo "2335"]

1.c4 Nf6 2.Nc3 g6 3.e4 d6 4.d4 Bg7 5.Nf3 O-O 6.Be2 e5 7.Be3 Ng4 8.Bg5 f6
9.Bd2 Nh6 10.h4 exd4 11.Nxd4 Nc6 12.Be3 Nf7 13.Qd2 Nxd4 14.Bxd4 c5 15.Be3 f5
16.h5 g5 17.exf5 Bxf5 18.g4 Be6 19.h6 Bh8 20.Ne4 Qb6 21.Rb1 Rae8 22.Rh5 Bf5
23.gxf5 Rxe4 24.Bxg5 Rfe8 25.Be3 Bd4 26.Rh3 Qd8 27.Kd1 Bxe3 28.fxe3 Qg5 29.Bd3 Rxe3
30.Rxe3 Rxe3 31.Kc2 Kf8 32.f6 Qxh6 33.Rh1 Rh3 34.Rxh3 Qxh3 35.Qf2 Ne5 36.Be4 b6
37.Qd2 Nxc4 38.Qg5 Qg4 39.Qh6+ Ke8 40.Bc6+ Kd8 41.Qf8+ Kc7 42.Qg7+  1-0

[Event "Rostock"]
[Site "Rostock"]
[Date "1985.??.??"]
[Round "5"]
[White "Chekhov, Valery A"]
[Black "Bielczyk, Jacek"]
[Result "1/2-1/2"]
[WhiteElo "2495"]
[BlackElo "2370"]

1.d4 Nf6 2.c4 d6 3.Nc3 Nbd7 4.Nf3 g6 5.e4 e5 6.Be2 Bg7 7.O-O O-O 8.Be3 c6
9.d5 c5 10.Ne1 Ne8 11.Nd3 f5 12.f4 g5 13.fxe5 Nxe5 14.Nxe5 Bxe5 15.exf5 Bxf5
16.Bd3 Ng7 17.Qc2 Bxd3 18.Qxd3 Qe7 19.g3 h6 20.Bd2 Rxf1+ 21.Rxf1 Rf8 22.Rxf8+ Qxf8
23.Kg2 Qf5 24.Qxf5 Nxf5 25.Kf3 Kf7 26.b3 Kg6 27.Ne2 Nd4+ 28.Nxd4 Bxd4 29.g4 h5
30.h3 b6 31.b4 h4 32.Ke4 Bf6 33.bxc5 bxc5 34.Kd3 Kf7 35.Kc2 Ke8 36.Bc1 a6
37.Bd2 Bd8 38.Kb3 Kd7 39.Bc3 Be7 40.Ka4 Bd8 41.Ba5 Bc7 42.Bd2 Bd8 43.Bc3 Kc8
44.Bb2 Kd7 45.Bg7 Kc8 46.Bf8 Kd7 47.Kb3 Bc7 48.Kc2 Ke8 49.Bg7 Kf7 50.Bc3 Bd8
51.Kb3 Ke8 52.Ka4 Kd7 53.Bg7 Kc8 54.Bh6 Kc7  1/2-1/2

[Event "Wch U20"]
[Site "Sharjah"]
[Date "1985.??.??"]
[Round "8"]
[White "Dobrey, N."]
[Black "Rojas Sepulveda, Eduardo"]
[Result "1-0"]
[WhiteElo "2275"]
[BlackElo "2350"]

1.Nf3 Nf6 2.c4 g6 3.Nc3 Bg7 4.e4 d6 5.d4 O-O 6.Be2 Nbd7 7.O-O e5 8.d5 Ne8
9.Be3 f5 10.exf5 gxf5 11.Ng5 Ndf6 12.f4 e4 13.Rc1 h6 14.Nh3 c5 15.dxc6 bxc6
16.Rc2 Be6 17.Nf2 Qd7 18.Rd2 Qf7 19.Qa4 Rc8 20.Nfd1 Kh7 21.c5 d5 22.b4 Ng4
23.Bxg4 fxg4 24.Ne2 Qc7 25.Bd4 Bxd4+ 26.Nxd4 Rxf4 27.Rxf4 Qxf4 28.Rf2 Qe5
29.Nxc6 Qa1 30.b5 Ng7 31.Qc2 Nf5 32.Rf1 Nd4 33.Qd2 Nxb5 34.Nxa7 Rxc5 35.Nxb5 Rxb5
36.Nc3 Qb2 37.Qd4 Rb7 38.Rb1 Qxb1+ 39.Nxb1 Rxb1+ 40.Kf2 Kg6 41.Kg3 Kf5 42.Qg7 Rc1
43.Qxg4+ Kf6  1-0

[Event "Sochi"]
[Site "Sochi"]
[Date "1985.??.??"]
[Round "?"]
[White "Agzamov, Georgy"]
[Black "Tseitlin, Mikhail S"]
[Result "1/2-1/2"]
[WhiteElo "2590"]
[BlackElo "2445"]

1.d4 Nf6 2.Nf3 g6 3.c4 Bg7 4.Nc3 O-O 5.e4 d6 6.Be2 e5 7.O-O Nbd7 8.Qc2 Re8
9.Rd1 h6 10.b4 exd4 11.Nxd4 a5 12.b5 Nc5 13.f3 Bd7 14.Be3 Kh7 15.Re1 Ne6
16.Rad1 Nxd4 17.Bxd4 b6 18.f4 Bc8 19.Bf3 Bb7 20.c5 bxc5 21.Bxc5 Nd7 22.Bf2 Nb6
23.Qd3 Qe7 24.Re2 Rad8 25.Bd4 Qe6 26.Bxg7 Kxg7 27.Qd4+ Kg8 28.Rc1 Ba8 29.Nd1 Re7
30.Nf2 f6 31.Ng4 Kg7 32.f5 Qf7 33.e5 fxe5 34.Rxe5 dxe5 35.Qxd8 gxf5 36.Nxe5 Qe8
37.Qxe8 Rxe8 38.Rxc7+ Kf6 39.Nc4 Nxc4 40.Rxc4 Bxf3 41.gxf3 Re1+ 42.Kf2 Rb1
43.a4 Ke5 44.Rc5+ Kf4 45.Rc4+ Ke5 46.Rc5+ Kf4 47.Rc4+ Ke5 48.Rh4 Rb2+ 49.Kg3 Rb4
50.Rxh6 Rxa4 51.Ra6 Ra1 52.b6 Rb1 53.Kh4 Rb2 54.h3 Kf4 55.Rxa5 Rxb6 56.Kh5 Kxf3
57.Kg5 f4 58.Ra3+ Kg2 59.Kxf4 Rb4+ 60.Kg5 Rb5+ 61.Kg4 Rb4+ 62.Kg5 Rb5+  1/2-1/2

[Event "Tatran Cup"]
[Site "Stary Smokovec"]
[Date "1985.??.??"]
[Round "?"]
[White "Knezevic, Milorad"]
[Black "Sinkovics, Peter"]
[Result "1/2-1/2"]
[WhiteElo "2435"]
[BlackElo "2420"]

1.d4 Nf6 2.Nf3 g6 3.c4 Bg7 4.Nc3 O-O 5.e4 d6 6.Be2 e5 7.dxe5 dxe5 8.Qxd8 Rxd8
9.Bg5 Re8 10.O-O-O h6 11.Be3 c6 12.h3 Bf8 13.Nd2 Be6 14.g3 Kh7 15.f4 Na6
16.Rdf1 exf4 17.gxf4 Bf5 18.Bf3 Bb4 19.Re1 Bxc3 20.exf5 Bxd2+ 21.Bxd2 gxf5
22.Bc3 Ne4 23.Bxe4 Rxe4 24.Rxe4 fxe4 25.Rg1 Rg8 26.Rxg8 Kxg8 27.f5 Nc7 28.Kd2 Ne8
29.c5 Nc7 30.Ke3 Nd5+ 31.Kxe4 Nxc3+ 32.bxc3 f6  1/2-1/2

[Event "Tatran Cup"]
[Site "Stary Smokovec"]
[Date "1985.??.??"]
[Round "?"]
[White "Knezevic, Milorad"]
[Black "Uhlmann, Wolfgang"]
[Result "1/2-1/2"]
[WhiteElo "2435"]
[BlackElo "2515"]

1.d4 Nf6 2.c4 g6 3.Nc3 Bg7 4.e4 d6 5.Nf3 O-O 6.Be2 e5 7.dxe5 dxe5 8.Qxd8 Rxd8
9.Bg5 Re8 10.Nd5 Nxd5 11.cxd5 c6 12.Bc4 cxd5 13.Bxd5 Nd7 14.Nd2 h6 15.Be3 Nf6
16.Bb3  1/2-1/2

[Event "Szirak"]
[Site "Szirak"]
[Date "1985.??.??"]
[Round "2"]
[White "Georgiev, Kiril"]
[Black "Uhlmann, Wolfgang"]
[Result "1/2-1/2"]
[WhiteElo "2555"]
[BlackElo "2515"]

1.d4 Nf6 2.c4 g6 3.Nc3 Bg7 4.e4 d6 5.Nf3 O-O 6.Be2 e5 7.dxe5 dxe5 8.Qxd8 Rxd8
9.Bg5 Re8 10.Nd5 Nxd5 11.cxd5 c6 12.Bc4 cxd5 13.Bxd5 Nd7 14.O-O-O h6 15.Bh4 Nb6
16.Bb3 Bg4 17.Rd3 Rac8+ 18.Kb1 a5 19.a3 a4 20.Ba2 Bd7 21.Rd6 Bc6 22.Re1 Kf8
23.Bf6 Bxf6 24.Rxf6 Re7 25.Rd6 Rd7 26.Rxd7 Nxd7 27.Nd2 Bb5 28.Re3 Ke7 29.Nf3 Bc4
30.Bxc4 Rxc4 31.Nd2  1/2-1/2

[Event "Szirak"]
[Site "Szirak"]
[Date "1985.??.??"]
[Round "13"]
[White "Pinter, Jozsef"]
[Black "Knaak, Rainer"]
[Result "1/2-1/2"]
[WhiteElo "2565"]
[BlackElo "2525"]

1.d4 Nf6 2.c4 d6 3.Nc3 Nbd7 4.Nf3 g6 5.e4 e5 6.Be2 Bg7 7.O-O O-O 8.Re1 c6
9.Bf1 exd4 10.Nxd4 Ng4 11.Qxg4 Bxd4 12.Be3 Be5 13.Qd1 Nc5 14.Qd2 Qh4 15.g3 Qh5
16.Bg2 Bh3 17.Bh1 Bg4 18.f4 Bg7 19.e5 Rfd8 20.exd6 Bf8 21.Ne4 Nxe4 22.Bxe4 Rxd6
23.Qf2 Rad8 24.Bg2 R6d7 25.a3 Bg7 26.Bxa7 Rd2 27.Re8+ Rxe8 28.Qxd2 c5 29.Re1 Rxe1+
30.Qxe1 Bd4+ 31.Kh1 Bxb2 32.Qe7 Bh3 33.Bxc5 Qd1+ 34.Bg1 Kg7 35.Qe4 Bf5 36.Qe3 Qb1
37.Bxb7 Bxa3 38.Bg2 Bb2 39.c5 h5 40.c6 Qc2 41.h3 Be6 42.Kh2 Bf6 43.Qc5 Qd2
44.Be3 Qd3 45.h4 Qe2 46.Bf2 Qg4 47.Qd6 Qe2 48.Bc5 Kh7 49.c7 Bg7 50.Qc6 Bc8
51.Qa8 Qg4 52.Bf2 Qd7 53.Qc6 Qd2 54.Bg1 Qe2 55.Qd5 Qe7 56.Bb6 Qe2 57.Qe4 Qb5
58.Qa8 Qf5 59.Qd5 Qc2 60.Qc5 Qe2 61.Qf2 Qe6 62.Ba5 Qf5 63.Qe1 Qc2 64.Qd2 Qf5
65.Bc3 Qc5 66.Bxg7 Kxg7 67.Qb2+ Kh7 68.Qb8 Be6 69.Qb7 Qc2 70.Qc6 Qf5 71.Qc1 Bd7
72.Kg1 Bc8 73.Kf2 Qe6 74.Bf3 Qa2+ 75.Kg1 Qa7+ 76.Kg2 Qa2+ 77.Kg1 Qa7+ 78.Kh2 Qf2+
79.Bg2 Bb7 80.Qf1 Qc2  1/2-1/2

[Event "Tallinn"]
[Site "Tallinn"]
[Date "1985.??.??"]
[Round "?"]
[White "Rogers, Ian"]
[Black "Kochyev, Alexander"]
[Result "1/2-1/2"]
[WhiteElo "2485"]
[BlackElo "2465"]

1.d4 Nf6 2.c4 g6 3.Nc3 Bg7 4.e4 d6 5.Nf3 O-O 6.Be2 e5 7.d5 Nbd7 8.Bg5 h6
9.Bh4 a6 10.Nd2 Qe8 11.b4 Nh7 12.f3 f5 13.Bf2 Qe7 14.Qc1 h5 15.Nb3 Ndf6 16.Bd3 fxe4
17.Nxe4 Nxe4 18.Bxe4 Bf5 19.Qc2 Qg5 20.O-O Nf6 21.Bxf5 gxf5 22.Rae1 Rae8
23.a4 h4 24.Qc1 Qh5 25.h3 Bh6 26.Be3 f4 27.Bd2 Rf7 28.Bc3 b5 29.axb5 axb5
30.Bb2 Qf5 31.Qc3 Kh7 32.Nd2 Rg8 33.Kh2 Rfg7 34.Rf2 Qg6 35.Kh1 Qf5 36.Kh2 Rg3
37.Ne4 Nxe4 38.Qc2 Kh8 39.Qxe4 Qg5 40.Qe2 bxc4 41.Rc1 Bg7 42.Rxc4 Bf6 43.Qf1  1/2-1/2

[Event "Tallinn"]
[Site "Tallinn"]
[Date "1985.??.??"]
[Round "?"]
[White "Veingold, Aleksandr"]
[Black "Yrjola, Jouni"]
[Result "1-0"]
[WhiteElo "2435"]
[BlackElo "2500"]

1.Nf3 Nf6 2.c4 g6 3.d4 Bg7 4.Nc3 d6 5.e4 O-O 6.Be2 Nbd7 7.O-O e5 8.Be3 h6
9.h3 exd4 10.Nxd4 Nc5 11.Qc2 Re8 12.Bf3 c6 13.Rad1 Qe7 14.Rfe1 a5 15.Qd2 Qf8
16.Bf4 Nfd7 17.Nf5 gxf5 18.Bxd6 Re7 19.exf5 Bf6 20.Re3 Kh7 21.Rde1 Rxe3 22.Bxf8 Rxe1+
23.Qxe1 Nxf8 24.Qe8 Ncd7 25.Ne4  1-0

[Event "Tirnavia"]
[Site "Trnava"]
[Date "1985.??.??"]
[Round "6"]
[White "Banas, Jan"]
[Black "Lanc, Alois"]
[Result "1/2-1/2"]
[WhiteElo "2390"]
[BlackElo "2385"]

1.Nf3 Nf6 2.c4 g6 3.Nc3 Bg7 4.e4 d6 5.d4 O-O 6.Be2 e5 7.O-O Nbd7 8.d5 a5
9.Qc2 Nc5 10.Bg5 h6 11.Be3 b6 12.Nd2 Bg4 13.f3 Bd7 14.b3 Nh5 15.g3  1/2-1/2

[Event "Tirnavia"]
[Site "Trnava"]
[Date "1985.??.??"]
[Round "10"]
[White "Schmidt, Wlodzimierz"]
[Black "Hausner, Ivan"]
[Result "1/2-1/2"]
[WhiteElo "2475"]
[BlackElo "2400"]

1.d4 Nf6 2.c4 d6 3.Nc3 Nbd7 4.Nf3 g6 5.e4 Bg7 6.Be2 e5 7.O-O O-O 8.Be3 Ng4
9.Bg5 f6 10.Bh4 c6 11.Qc2 Qe7 12.Rad1 h5 13.h3 Nh6 14.b4 Kh8 15.dxe5 dxe5
16.c5 Nf7 17.Nd2 Rg8 18.f3 Nf8 19.Bc4 Ne6 20.Nb3 Nf4 21.Ne2 Nxe2+ 22.Qxe2 Be6
23.Bxe6 Qxe6 24.Bf2 Rgd8 25.Na5 Qe7 26.Be3 Bh6 27.Bxh6 Nxh6 28.Rxd8+ Rxd8
29.Rd1 Rxd1+ 30.Qxd1 Nf7 31.h4  1/2-1/2

[Event "SWE-ch"]
[Site "Uppsala"]
[Date "1985.??.??"]
[Round "?"]
[White "Renman, Nils Gustaf"]
[Black "Hammar, Bengt"]
[Result "1-0"]
[WhiteElo "2425"]
[BlackElo "2355"]

1.d4 d6 2.Nf3 g6 3.c4 Bg7 4.Nc3 Nf6 5.e4 O-O 6.Be2 e5 7.Be3 Nbd7 8.O-O c6
9.d5 c5 10.Ne1 Ne8 11.Nd3 f5 12.exf5 gxf5 13.f4 e4 14.Nf2 Ndf6 15.Qd2 Qe7
16.Rab1 b6 17.Kh1 Ng4 18.Bxg4 fxg4 19.Rbe1 Nf6 20.Qe2 Bf5 21.Bd2 Rae8 22.Ncd1 Nh5
23.g3 Qd7 24.Ne3 Nf6 25.Bc3 h5 26.Bxf6 Bxf6 27.Nxf5 Qxf5 28.Nxe4 Be7 29.Qd3 h4
30.Nf2 Qh5 31.Re6 Kf7 32.Nxg4 Rh8 33.Qe2 hxg3 34.Re1 Qh4 35.f5 g2+ 36.Qxg2 Bg5
37.R1e2 Reg8 38.Rxd6 Bf4 39.Rg6 Rxg6 40.fxg6+ Kg7  1-0

[Event "Hoogovens-B"]
[Site "Wijk aan Zee"]
[Date "1985.??.??"]
[Round "1"]
[White "Grooten, Herman"]
[Black "Piket, Jeroen"]
[Result "0-1"]
[WhiteElo "2345"]
[BlackElo "2380"]

1.d4 Nf6 2.Nf3 g6 3.c4 Bg7 4.Nc3 O-O 5.e4 d6 6.Be2 e5 7.Be3 h6 8.dxe5 Ng4
9.Bd2 Nxe5 10.O-O Nbc6 11.Rc1 Be6 12.b3 f5 13.exf5 Bxf5 14.Nxe5 Nxe5 15.Be3 Kh7
16.f4 Nc6 17.Bf3 Qf6 18.Nd5 Qf7 19.g4 Be6 20.Qd3 Rae8 21.Kh1 Bxd5 22.Bxd5 Nb4
23.Bxf7 Nxd3 24.Bxe8 Rxe8 25.Bxa7 Nxc1 26.Rxc1 b6 27.f5 Ra8 28.c5 dxc5 29.Re1 Rxa7
30.Re7 gxf5 31.gxf5 Kg8 32.a4 Kf8 33.Rd7 Be5 34.Rh7 c4  0-1

[Event "Albena"]
[Site "Albena"]
[Date "1986.??.??"]
[Round "?"]
[White "Genov, Petko"]
[Black "Davies, Nigel R"]
[Result "1/2-1/2"]
[WhiteElo "2395"]
[BlackElo "2410"]

1.d4 g6 2.c4 Bg7 3.Nc3 d6 4.e4 Nf6 5.Be2 O-O 6.Nf3 e5 7.Be3 h6 8.dxe5 Ng4
9.Bf4 Nxe5 10.Nd4 Nbc6 11.Nxc6 bxc6 12.Qd2 Kh7 13.O-O c5 14.Nd5 Rb8 15.b3 Nc6
16.Rae1 a5 17.Bd1 a4 18.b4 Nxb4 19.Bxa4 Nxd5 20.exd5 Rb2 21.Qe2 Rxa2 22.Bb5 Bd7
23.Bxd7 Qxd7 24.Qe7 Qf5 25.Bg3 Rc8 26.Re3 Bf8 27.Qh4 Raa8 28.Rf3 Qd7 29.Bf4 Qe7
30.Qg3 Re8 31.h4 Qd7 32.Bd2 Re4 33.Rf4 Rxf4 34.Qxf4 Re8 35.Re1 Rxe1+ 36.Bxe1 h5
37.Bc3 Qe7 38.Bf6 Qe1+ 39.Kh2 Kg8 40.f3 Qe2 41.Kh3 Bg7 42.Bxg7 Kxg7 43.Qc1 Qe5
44.Qd2 Qd4 45.Qe2 Kf8 46.Qa2 Qf4 47.Qb3 Kg7 48.Qb2+ Kh7 49.Qb5 Qf5+ 50.Kg3 Qe5+
51.Kh3 Qf4 52.Qb3 Qd4 53.Qb5 Kg7 54.Qb3 Qa1 55.Qe3 Qa4 56.Qe4 Qd7+ 57.Kg3 Qf5
58.Qxf5 gxf5 59.Kf4 Kf6 60.g4 fxg4 61.fxg4 Kg6 62.gxh5+ Kxh5 63.Kf5 Kxh4
64.Kf6 Kg4 65.Kxf7 Kf4 66.Ke7 Ke4 67.Kd7 Kd4 68.Kxc7 Kxc4 69.Kxd6  1/2-1/2

[Event "OHRA-B"]
[Site "Amsterdam"]
[Date "1986.??.??"]
[Round "1"]
[White "Pliester, Leon"]
[Black "Murrey, Jacob"]
[Result "0-1"]
[WhiteElo "2380"]
[BlackElo "2490"]

1.d4 Nf6 2.c4 g6 3.Nc3 Bg7 4.e4 d6 5.Be2 O-O 6.Nf3 e5 7.Bg5 h6 8.Bh4 exd4
9.Nxd4 Nc6 10.Nc2 g5 11.Bg3 Qe8 12.h4 Nxe4 13.Nxe4 Qxe4 14.hxg5 hxg5 15.Ne3 f5
16.Bf3 Qe8 17.Kf1 Nd4 18.Bd5+ Be6 19.Qd3 c6 20.Bxe6+ Qxe6 21.Re1 Qg6 22.c5 dxc5
23.Ng4 Rae8 24.Ne5 Qd6 25.f4 Qd5 26.Rh5 gxf4 27.Bxf4 Ne6 28.Bg3 Qxd3+ 29.Nxd3 c4
30.Ne5 c3 31.bxc3 Nc5 32.Ng6 Ne4 33.Bf4 Bxc3 34.Re3 Rf6 35.Rh8+ Kf7 36.Rxe8 Kxe8  0-1

[Event "OHRA-B"]
[Site "Amsterdam"]
[Date "1986.??.??"]
[Round "7"]
[White "Douven, Rudy C"]
[Black "Piket, Jeroen"]
[Result "1-0"]
[WhiteElo "2415"]
[BlackElo "2390"]

1.d4 Nf6 2.c4 g6 3.Nc3 Bg7 4.e4 d6 5.Be2 O-O 6.Nf3 e5 7.Be3 Qe7 8.dxe5 dxe5
9.Nd5 Nxd5 10.cxd5 c6 11.O-O cxd5 12.exd5 e4 13.Nd4 Rd8 14.Rc1 Nd7 15.Nb5 Nb6
16.Nxa7 Nxd5 17.Nxc8 Qe6 18.Qb3 Raxc8 19.Rxc8 Qxc8 20.Bc4 Nxe3 21.fxe3 Kh8
22.Rxf7 b6 23.Qxb6 Rd2 24.Qa7 Qd8 25.Bf1 Rd1 26.a4 h5 27.a5 h4 28.h3 g5 29.Qb6 Qxb6
30.axb6 Rb1 31.Rf5 Rxb2 32.Bb5 Rb1+ 33.Kf2 Bc3 34.b7 Be1+ 35.Ke2 Bg3 36.Rxg5 Kh7
37.Rxg3 Rb2+ 38.Kd1  1-0

[Event "Asousados"]
[Site "Asousados"]
[Date "1986.??.??"]
[Round "?"]
[White "Yepes Martinez, Eduard"]
[Black "Gonzalez, J."]
[Result "1/2-1/2"]
[WhiteElo "2350"]
[BlackElo "2375"]

1.c4 Nf6 2.Nc3 g6 3.e4 d6 4.d4 Bg7 5.Be2 O-O 6.Nf3 e5 7.d5 Ne8 8.O-O f5 9.Ne1 f4
10.Bg4 Nd7 11.Nd3 h5 12.Be6+ Kh7 13.f3 Ndf6 14.Bxc8 Rxc8 15.c5 g5 16.b4 Rg8
17.Qa4 Ra8 18.Qc2 Bf8 19.Kh1 Kh8 20.Bb2 Bg7 21.Rac1 g4 22.Ne2 Nh7 23.cxd6 cxd6
24.fxg4 hxg4 25.Nexf4 exf4 26.Nxf4 Bxb2 27.Qxb2+ Qf6 28.Ng6+ Rxg6 29.Rxf6 Nexf6
30.e5 dxe5 31.Qxe5 Rg5 32.Qe7 Rg7 33.Qe5 Re8 34.Qd4 b6 35.Kg1 Rb7 36.d6 Rd8
37.Rc6 Kg7 38.b5 Ng5 39.Rc7+ Rxc7 40.dxc7 Rxd4 41.c8=Q Rd1+ 42.Kf2 Rd2+ 43.Ke3 Rxa2
44.Kf4 Kg6 45.Qf5+ Kg7 46.Kxg5 Nh7+ 47.Kh4 Nf6 48.Kg5 Nh7+ 49.Kxg4 Rxg2+
50.Kf3 Rg5 51.Qd7+ Kg6 52.Qe8+ Kh6 53.Qe6+ Kg7 54.h4 Rc5 55.Qd7+ Kg6 56.Qe8+ Kh6
57.Qe6+ Kg7 58.Qe7+ Kg6 59.Qe4+ Rf5+  1/2-1/2

[Event "Berlin op"]
[Site "Berlin-West"]
[Date "1986.??.??"]
[Round "?"]
[White "Lev, Ronen"]
[Black "Georgiev, Kiril"]
[Result "1/2-1/2"]
[WhiteElo "2410"]
[BlackElo "2535"]

1.d4 Nf6 2.Nf3 g6 3.c4 Bg7 4.Nc3 O-O 5.e4 d6 6.Be2 e5 7.Be3 Ng4 8.Bg5 f6
9.Bh4 Nc6 10.O-O Nh6 11.d5 Ne7 12.b4 Nf7 13.Nd2 f5 14.f3 h5 15.Bf2 g5 16.Rc1 a5
17.bxa5 Rxa5 18.c5 fxe4 19.fxe4 g4 20.Nc4 Ra6 21.cxd6 cxd6 22.Qb3 Bh6 23.Rb1 b5
24.Qxb5 Ng6 25.Nb6 Nf4 26.Bc4 Ng5 27.Kh1 Ra3 28.Qb4 Rxc3 29.Qxc3 Nxe4 30.Qe1 Bf5
31.Rb3 Bg5 32.Na4 Qc7 33.Nb2 Nxf2+ 34.Rxf2 Qa7 35.Rf1 Qd4 36.Qf2 Be4 37.Qxd4 exd4
38.Kg1 h4 39.Nd1 d3 40.Rxf4 Bxf4 41.Bxd3 Bxd5 42.Rb4 g3 43.hxg3 Bxg3 44.Rb2 Ra8
45.Nc3 Ra3 46.Rc2 Bxa2 47.Bf1 Be6 48.Ne2 Kf7 49.Rc3 Rxc3 50.Nxc3 Kf6 51.Ba6 Ke5
52.Kf1 Kd4 53.Nb5+ Ke3 54.Nc7 Bb3 55.Kg1 d5 56.Nxd5+ Bxd5 57.Bc8 Bf2+ 58.Kh2 Kf4
59.Ba6 Bc5 60.Be2 h3 61.Bf3 hxg2 62.Bxg2  1/2-1/2

[Event "Biel-JMT"]
[Site "Biel"]
[Date "1986.??.??"]
[Round "?"]
[White "Toth, Bela"]
[Black "Cramling, Dan"]
[Result "0-1"]
[WhiteElo "2435"]
[BlackElo "2415"]

1.d4 Nf6 2.c4 d6 3.Nc3 e5 4.Nf3 Nbd7 5.e4 g6 6.Be2 Bg7 7.O-O O-O 8.Re1 c6
9.Bf1 Ng4 10.dxe5 dxe5 11.Qc2 Qe7 12.b3 f5 13.exf5 gxf5 14.h3 Nh6 15.Bg5 Qe8
16.Rad1 e4 17.Nd4 Nf7 18.Bc1 Nfe5 19.Kh1 Qg6 20.Re3 Kh8 21.Rg3 Qf6 22.Bb2 Ng6
23.Re3 Nde5 24.c5 Qh4 25.Ree1 Bd7 26.f3 exf3 27.Nxf3 Nxf3 28.gxf3 Rf7 29.Qh2 f4
30.Bc4 Rff8 31.Be6 Rae8 32.Ne4 Bxe6 33.Nd6 Re7 34.Bxg7+ Kxg7 35.Qb2+ Kg8
36.Re2 Qxh3+ 37.Rh2 Qxf3+  0-1

[Event "Calcutta"]
[Site "Calcutta"]
[Date "1986.??.??"]
[Round "?"]
[White "Vaidya, Arun B"]
[Black "Thipsay, Praveen Mahadeo"]
[Result "1-0"]
[WhiteElo "2340"]
[BlackElo "2485"]

1.d4 Nf6 2.c4 g6 3.Nc3 Bg7 4.e4 d6 5.Nf3 O-O 6.Be2 Nbd7 7.O-O e5 8.Qc2 c6
9.Rd1 Qe7 10.d5 c5 11.Bg5 h6 12.Bh4 g5 13.Bg3 Nh5 14.Nd2 Ndf6 15.Nf1 Nf4
16.f3 N6h5 17.Ne3 Nxe2+ 18.Nxe2 Nf4 19.Nc3 a6 20.Bf2 Rb8 21.Rab1 Qc7 22.b4 cxb4
23.Rxb4 b5 24.a4 bxc4 25.Rdb1 Rxb4 26.Rxb4 Bd7 27.Rxc4 Qa5 28.Kf1 Rb8 29.g3 Ng6
30.Ned1 Bf8 31.Na2 Ne7 32.Be1 Qb6 33.Rb4 Qd8 34.Ne3 Rxb4 35.Nxb4 Qb6 36.Ke2 Qb7
37.g4 Nc8 38.Nc6 Na7 39.Nxa7 Qxa7 40.Nc4 Qc5 41.Qb3 Be7 42.Bf2 Qc7 43.Kd3 Be8
44.Kc3 h5 45.h3 hxg4 46.hxg4 Qd7 47.Kb4 Bd8 48.Ka3 f6 49.Be1 Kg7 50.Bb4 Be7
51.Ba5 Qc8 52.Bb6 Qd7 53.Na5 Kg6 54.Qc4 Bf8 55.Qc6 Qf7 56.Qb7 Qg8 57.Qxa6 Qh8
58.Qc8 Bf7 59.Nb3 Qh1 60.Qf5+ Kg7 61.Bd8  1-0

[Event "Cannes"]
[Site "Cannes"]
[Date "1986.??.??"]
[Round "2"]
[White "Andruet, Gilles"]
[Black "Haik, Aldo"]
[Result "0-1"]
[WhiteElo "2410"]
[BlackElo "2475"]

1.d4 Nf6 2.c4 g6 3.Nc3 Bg7 4.e4 d6 5.Nf3 O-O 6.Be2 e5 7.O-O Nbd7 8.Qc2 exd4
9.Nxd4 Re8 10.Rd1 a6 11.Bg5 h6 12.Bh4 Rb8 13.f3 g5 14.Bf2 Ne5 15.Rd2 Bd7
16.Rad1 Qe7 17.Nd5 Nxd5 18.cxd5 c5 19.dxc6 bxc6 20.Bxa6 c5 21.Nb3 Rb6 22.Bf1 Ba4
23.Rd5 Reb8 24.Qd2 Bxb3 25.axb3 Rxb3 26.Rxd6 Rxb2 27.Rd8+ Kh7 28.Qd6 Rxd8
29.Qxd8 Qxd8 30.Rxd8 c4 31.Rc8 c3 32.Be1 Nxf3+ 33.gxf3 Bd4+ 34.Kh1 Rb1 35.Bd3 Rxe1+
36.Kg2 Rd1 37.Bb5 Rd2+ 38.Kh3 Be5 39.Kg4 Kg6 40.f4 h5+ 41.Kf3 gxf4  0-1

[Event "Cannes"]
[Site "Cannes"]
[Date "1986.??.??"]
[Round "9"]
[White "Ivkov, Borislav"]
[Black "Santo Roman, Marc"]
[Result "1-0"]
[WhiteElo "2525"]
[BlackElo "2360"]

1.Nf3 Nf6 2.c4 g6 3.Nc3 Bg7 4.e4 d6 5.d4 O-O 6.Be2 e5 7.dxe5 dxe5 8.Qxd8 Rxd8
9.Bg5 Na6 10.Nd5 Rd6 11.Bxf6 Bxf6 12.Nxf6+ Rxf6 13.Nxe5 Re6 14.f4 f6 15.Ng4 Rb6
16.O-O-O Bxg4 17.Bxg4 Re8 18.Rhe1 Nc5 19.e5 fxe5 20.Rxe5 Rxe5 21.fxe5 Kf8
22.Kc2 Ke7 23.Rd5 Rc6 24.b4 Ne6 25.Kb3 h5 26.Bh3 b6 27.g3 Nf8 28.b5 Rc5 29.Kc3 Rxd5
30.cxd5 Nh7 31.Bg2 Nf8 32.Kd4 Nd7 33.Be4 Nf8 34.h4 Kf7 35.Bg2 Ke7 36.Bh3 Nh7
37.Ke4 Nf8 38.Kf4 Nh7 39.Be6 Ke8 40.Bg8 Nf8 41.e6  1-0

[Event "ITA-ch46"]
[Site "Cesenatico"]
[Date "1986.??.??"]
[Round "6"]
[White "Arlandi, Ennio"]
[Black "Sarno, Spartaco"]
[Result "1/2-1/2"]
[WhiteElo "2360"]
[BlackElo "2400"]

1.d4 Nf6 2.c4 g6 3.Nc3 Bg7 4.e4 d6 5.Nf3 O-O 6.Be2 e5 7.Be3 Ng4 8.Bg5 f6
9.Bh4 Nc6 10.d5 Ne7 11.Nd2 Nh6 12.f3 Nf7 13.Bf2 c5 14.Rb1 a5 15.a3 Bd7 16.b4 axb4
17.axb4 b6 18.bxc5 dxc5 19.O-O Nd6 20.Qb3 Rb8 21.Rb2 Rb7 22.Rfb1 Qc7 23.Qd1 Ra8
24.Ra1 Rba7 25.Rxa7 Rxa7 26.Qb1 Nec8 27.Ra2 Bf8  1/2-1/2

[Event "Copenhagen op"]
[Site "Copenhagen"]
[Date "1986.??.??"]
[Round "5"]
[White "Brinck Claussen, Bjorn"]
[Black "Sinkovics, Peter"]
[Result "1-0"]
[WhiteElo "2375"]
[BlackElo "2415"]

1.d4 Nf6 2.c4 g6 3.Nc3 Bg7 4.e4 d6 5.Be2 O-O 6.Nf3 e5 7.Be3 Ng4 8.Bg5 f6
9.Bc1 Nc6 10.O-O Kh8 11.d5 Ne7 12.Ne1 Nh6 13.Nd3 f5 14.f3 c5 15.b4 cxb4 16.Na4 Bd7
17.Be3 fxe4 18.fxe4 Rxf1+ 19.Kxf1 Neg8 20.Kg1 Nf6 21.Nf2 Qa5 22.Nb2 Qa3 23.Nbd3 Nhg4
24.Bxg4 Nxg4 25.Nxg4 Bxg4 26.Qb3 Rc8 27.Nxb4 Qa5 28.Rc1 h6 29.h3 Bd7 30.Nd3 b6
31.a3 Qa4 32.Qb4 Bf8 33.Nb2 Qa6 34.a4 Kg8 35.Rf1 Re8 36.Qd2 Bg7 37.Bxh6 Re7
38.Qg5  1-0

[Event "Dresden Post"]
[Site "Dresden"]
[Date "1986.??.??"]
[Round "?"]
[White "Starck, Bodo"]
[Black "Kochyev, Alexander"]
[Result "0-1"]
[WhiteElo "2325"]
[BlackElo "2450"]

1.d4 Nf6 2.c4 g6 3.Nc3 Bg7 4.e4 d6 5.Nf3 O-O 6.Be2 e5 7.d5 Nbd7 8.Bg5 h6
9.Bh4 a6 10.Nd2 Qe8 11.g4 Nh7 12.Nf1 Ng5 13.Ne3 Nc5 14.Qc2 Bd7 15.h3 f5 16.gxf5 gxf5
17.exf5 e4 18.O-O-O Bxf5 19.Rdg1 Bh7 20.Bxg5 hxg5 21.Rxg5 Kh8 22.Rhg1 Bd4
23.Qd2 Nd3+ 24.Bxd3 exd3 25.Ncd1 b5 26.R5g4 Bf6 27.Rf4 Qe5 28.Ng4 Qxf4 29.Qxf4 Bxb2+
30.Kxb2 Rxf4 31.Nde3 bxc4 32.Kc3 Rb8  0-1